| 000 | 00968nam a22002895i 4500 | ||
|---|---|---|---|
| 003 | EG-ScBUE | ||
| 005 | 20221108052043.0 | ||
| 008 | 170709s2022 ua f 000 j ara d | ||
| 017 | _a2001 / 11540 | ||
| 020 | _a9789770907368 | ||
| 040 |
_aEG-ScBUE _bara _erda _cEG-ScBUE _dEG-ScBUE |
||
| 082 | 0 | 4 |
_a892.736 _bع ا ش _222 |
| 100 | 1 |
_aعاشور، رضوى، _d1946-2014، _eمؤلف. |
|
| 245 | 1 | 0 |
_aتقارير السيدة راء : _bمجموعة قصصية / _cرضوى عاشور. |
| 250 | _aالطبعة الرابعة. | ||
| 264 | 1 |
_aالقاهرة : _bدار الشروق، _c2022. |
|
| 300 |
_a126 صفحة ؛ _c24 سم |
||
| 336 |
_2rdacontent _aنص _btxt |
||
| 337 |
_2rdamedia _aبدون وسيط _bn |
||
| 338 |
_2rdacarrier _aمجلد _bnc |
||
| 590 | _aدعاء | ||
| 650 | 7 |
_aالقصص القصيرة العربية _yقرن 21. _2BUEsh |
|
| 651 | _2BUEsh | ||
| 653 |
_bARALIT _cNovember2022 |
||
| 655 |
_vReading book _934232 |
||
| 942 | _2ddc | ||
| 999 |
_c29953 _d29924 |
||